000 00920cam a2200277 4500
001 ABS61601
008 000000n1999 000 0 eng u
035 _a(Sirsi) u101752
100 _aScrafton, J. P.
245 4 _aThe role of the expert witness
260 _c1999
490 _aThe Impugner
_v3(3) July 1999, 22-40(19)
520 _aOffers guidance for professionals acting as expert witnesses, in the light of the Civil Procedure Rules. Discusses the Rules of Evidence, expert's reports and types of expert.
590 _aABS
650 _aEXPERT WITNESSES
650 _aCIVIL PROCEDURE RULES
650 _aWOOLF REFORMS
650 _aEXPERT WITNESS REPORT
650 _aLANDS TRIBUNAL
650 _aVALUATION TRIBUNALS
650 _aRULES OF EVIDENCE
650 _aPLANNING INQUIRIES
650 _aARBITRATIONS
690 _aMANAGEMENT-BUSINESS MANAGEMENT-PROFESSIONAL PRACTICE
942 _n0
999 _c60868
_d60868